[Event "IV Open RGCC 2018"]
[Site "Gijon"]
[Date "2018.07.29"]
[Round "9"]
[White "Quesada Perez, Yasser"]
[Black "Kaczur, Florian"]
[Result "1/2-1/2"]
[WhiteElo "2531"]
[BlackElo "2471"]
[Annotator "RC"]
[PlyCount "168"]
[EventDate "2018.07.24"]
[EventType "swiss"]
[EventCountry "ESP"]
[SourceTitle "playchess.com"]
[Source "ChessBase"]
[SourceQuality "1"]
[TimeControl "5400+30"]

1. e4 {[%emt 0:00:00]} e5 {[%emt 0:00:14]} 2. Nf3 {[%emt 0:00:00]} Nc6 {[%emt 0:00:06]} 3. Bb5 {[%emt 0:00:00]} a6 {[%emt 0:00:22]} 4. Ba4 {[%emt 0:00:00]} Nf6 {[%emt 0:00:06]} 5. O-O {[%emt 0:00:12]} b5 {[%emt 0:00:53]} 6. Bb3 {[%emt 0:00:05]} Bc5 {[%emt 0:00:04]} 7. a4 {[%emt 0:01:33]} Rb8 {[%emt 0:00:56]} 8. axb5 {[%emt 0:00:07]} axb5 {[%emt 0:00:04]} 9. Nxe5 {[%emt 0:00:05]} Nxe5 {[%emt 0:00:04]} 10. d4 {[%emt 0:00:05]} Bxd4 {[%emt 0:00:12]} 11. Qxd4 {[%emt 0:00:05]} d6 {[%emt 0:00:26]} 12. Bf4 {[%emt 0:00:03]} O-O {[%emt 0:00:57]} 13. Nc3 {[%emt 0:00:43]} c5 {[%emt 0:01:32]} 14. Qe3 {[%emt 0:01:29]} c4 {[%emt 0:08:10]} 15. Ba2 {[%emt 0:00:02]} b4 {[%emt 0:05:27]} 16. Ne2 {[%emt 0:01:24]} Qc7 {[%emt 0:10:12]} 17. Bb1 {[%emt 0:10:49]} Re8 {[%emt 0:01:50]} 18. Ng3 {[%emt 0:05:19]} Ng6 {[%emt 0:12:02]} 19. Rd1 {[%emt 0:05:50]} Nxf4 {[%emt 0:02:48]} 20. Qxf4 {[%emt 0:00:06]} Re5 {[%emt 0:01:42]} 21. c3 {[%emt 0:02:56]} Be6 {[%emt 0:03:40]} 22. Ra6 {[%emt 0:13:51]} Rb6 {[%emt 0:07:30]} 23. Ra8+ {[%emt 0:02:54]} Rb8 {[%emt 0:00:41]} 24. Rxb8+ {[%emt 0:04:39]} Qxb8 {[%emt 0:00:06]} 25. Qd2 {[%emt 0:00:10]} Rb5 {[%emt 0:06:48]} 26. Qxd6 {[%emt 0:02:46]} Qxd6 {[%emt 0:00:06]} 27. Rxd6 {[%emt 0:00:03]} g5 {[%emt 0:00:21]} 28. cxb4 {[%emt 0:22:01]} Nd7 {[%emt 0:03:45]} 29. Ne2 {[%emt 0:02:50]} Rxb4 {[%emt 0:02:09]} 30. Rd2 {[%emt 0:00:08]} Nc5 {[%emt 0:01:23]} 31. Nc3 {[%emt 0:02:31]} Nb3 {[%emt 0:01:59]} 32. Rd1 {[%emt 0:01:04]} Nc5 {[%emt 0:00:29]} 33. Rd2 {[%emt 0:02:54]} Nb3 {[%emt 0:00:17]} 34. Rd8+ {[%emt 0:00:13]} Kg7 {[%emt 0:00:06]} 35. Nd1 {[%emt 0:01:20]} Nc5 {[%emt 0:07:04]} 36. Bc2 {[%emt 0:00:04]} Bd7 {[%emt 0:00:41]} 37. f3 {[%emt 0:01:19]} Kf6 {[%emt 0:00:37]} 38. Kf1 {[%emt 0:03:57]} Ke7 {[%emt 0:02:45]} 39. Rg8 {[%emt 0:00:28]} Ne6 {[%emt 0:01:48]} 40. Ke1 {[%emt 0:01:05]} Nd4 {[%emt 0:00:46]} 41. Kd2 {[%emt 0:00:30]} Nxc2 {[%emt 0:01:05]} 42. Kxc2 {[%emt 0:00:01]} Ba4+ {[%emt 0:00:13]} 43. Kc3 {[%emt 0:05:02]} Rb7 {[%emt 0:00:18]} 44. Nf2 {[%emt 0:00:07]} Rb3+ {[%emt 0:00:24]} 45. Kxc4 {[%emt 0:00:05]} Rxb2 {[%emt 0:00:04]} 46. Ng4 {[%emt 0:00:05]} Rxg2 {[%emt 0:01:57]} 47. Rxg5 {[%emt 0:00:04]} Bd1 {[%emt 0:00:34]} 48. Re5+ {[%emt 0:01:20]} Kf8 {[%emt 0:00:07]} 49. Ne3 {[%emt 0:01:37]} Be2+ {[%emt 0:01:05]} 50. Kd4 {[%emt 0:00:01]} Rxh2 {[%emt 0:02:37]} 51. f4 {[%emt 0:00:07]} Rh6 {[%emt 0:02:03]} 52. Rc5 {[%emt 0:00:48]} Rd6+ {[%emt 0:00:33]} 53. Nd5 {[%emt 0:00:14]} Bh5 {[%emt 0:02:51]} 54. e5 {[%emt 0:00:46]} Rd8 {[%emt 0:00:31]} 55. Ke4 {[%emt 0:00:01]} h6 {[%emt 0:03:40]} 56. f5 {[%emt 0:00:24]} Bg4 {[%emt 0:00:09]} 57. Kf4 {[%emt 0:01:07]} Bh3 {[%emt 0:00:15]} 58. Ra5 {[%emt 0:01:31]} Rc8 {[%emt 0:00:34]} 59. Ra4 {[%emt 0:00:48]} Rd8 {[%emt 0:00:57]} 60. Nf6 {[%emt 0:00:14]} Rc8 {[%emt 0:00:06]} 61. Rb4 {[%emt 0:00:28]} Ra8 {[%emt 0:00:22]} 62. Rc4 {[%emt 0:00:28]} Rd8 {[%emt 0:00:11]} 63. Ne4 {[%emt 0:00:04]} Bg2 {[%emt 0:02:22]} 64. Nd6 {[%emt 0:01:52]} f6 {[%emt 0:00:29]} 65. Rc7 {[%emt 0:00:05]} Bd5 {[%emt 0:00:21]} 66. Rh7 {[%emt 0:00:10]} Bg8 {[%emt 0:00:21]} 67. Rxh6 {[%emt 0:00:23]} fxe5+ {[%emt 0:00:02]} 68. Kxe5 {[%emt 0:00:07]} Ra8 {[%emt 0:00:24]} 69. Nb7 {[%emt 0:01:30]} Re8+ {[%emt 0:01:21]} 70. Kf6 {[%emt 0:00:23]} Re7 {[%emt 0:00:29]} 71. Nd8 {[%emt 0:00:35]} Rh7 {[%emt 0:03:38]} 72. Rg6 {[%emt 0:04:42]} Rd7 {[%emt 0:01:27]} 73. Ne6+ {[%emt 0:00:12]} Bxe6 {[%emt 0:00:02]} 74. Kxe6 {[%emt 0:00:58]} Re7+ {[%emt 0:00:17]} 75. Kf6 {[%emt 0:00:06]} Rf7+ {[%emt 0:00:11]} 76. Kg5 {[%emt 0:00:05]} Rg7 {[%emt 0:00:45]} 77. Kf6 {[%emt 0:00:21]} Rf7+ {[%emt 0:00:05]} 78. Ke5 {[%emt 0:00:04]} Re7+ {[%emt 0:00:11]} 79. Kf4 {[%emt 0:00:07]} Ra7 {[%emt 0:00:42]} 80. Rb6 {[%emt 0:00:24]} Kf7 {[%emt 0:00:13]} 81. Kg5 {[%emt 0:00:09]} Rc7 {[%emt 0:00:28]} 82. Rb1 {[%emt 0:00:12]} Rc6 {[%emt 0:00:44]} 83. Rb7+ {[%emt 0:00:09]} Kf8 {[%emt 0:00:02]} 84. f6 {[%emt 0:00:10]} Rc1 {[%emt 0:00:11]} 1/2-1/2

[Event "IV Open RGCC 2018"]
[Site "Gijon"]
[Date "2018.07.29"]
[Round "9"]
[White "Manolache, Marius"]
[Black "Valenzuela Gomez, Fernando"]
[Result "0-1"]
[WhiteElo "2494"]
[BlackElo "2389"]
[Annotator "TA"]
[PlyCount "92"]
[EventDate "2018.07.24"]
[EventType "swiss"]
[EventCountry "ESP"]
[SourceTitle "playchess.com"]
[Source "ChessBase"]
[SourceQuality "1"]

{[%evp 16,92,22,19,80,79,79,93,76,11,48,7,12,11,19,20,41,0,18,-10,21,11,28,16,18,18,16,2,0,0,0,0,49,39,41,38,49,0,0,0,0,-16,-19,-128,0,-22,-8,-112,-116,-220,-219,-355,-384,-354,-185,-177,-167,-169,-180,-162,-102,-87,-66,-687,-683,-785,-806,-1355,-1358,-1035,-1064,-29997,-29998,-29998,-29983,-29985,-29983,-29982,-1272]} 1. d4 Nf6 2. Nf3 g6 3. g3 c5 4. d5 b5 5. Bg2 Bb7 6. c4 {A49: 1 d4 Nf6 2 Nf3 g6 3 g3: Anti-King's Indian systems} d6 7. O-O Bg7 8. Re1 O-O 9. e4 {LiveBook: 18 Games} Ng4 $146 (9... bxc4 $11 {keeps the balance.} 10. Nbd2 Ba6) ({Predecessor:} 9... bxc4 10. Nc3 Ng4 11. h3 Ne5 12. Nxe5 Bxe5 13. Qe2 Nd7 14. Qxc4 Qa5 15. Qd3 {0-1 (43) Stray,G (2050)-Andreikin,D (2732) Reykjavik 2016}) 10. h3 Ne5 11. Nxe5 Bxe5 12. Na3 (12. cxb5 $16 a6 13. Nc3) 12... a6 13. Nc2 Bg7 14. Rb1 Nd7 15. b3 Qb6 16. Be3 Qc7 17. f4 Rfb8 18. Bd2 bxc4 19. bxc4 Bc8 {With the idea ...Rxb1.} 20. Qf3 Ra7 21. Kh2 Rab7 22. Rb3 Rxb3 23. axb3 e6 24. dxe6 fxe6 25. Qd3 Qb6 26. b4 cxb4 27. Bxb4 Nc5 $1 {[%cal Rc5d3]} 28. Qa3 e5 29. Ba5 (29. Rd1 $11) 29... Qb7 (29... Qb2 $1 $17 {[%cal Rb2c2]} 30. Bc7 Rb3 31. Qxb2 Rxb2) 30. Nb4 Qf7 $36 {[%mdl 2048] Black has the initiative.} 31. fxe5 (31. f5 $11 {remains equal.}) 31... Bxe5 $17 32. Re3 (32. Rf1 $17 Qe8 33. Rf3) 32... Qxc4 $19 ({Much less strong is} 32... Qf2 33. Rf3 $17) 33. Nc6 (33. Rf3 $142) 33... Bb2 34. Ne7+ Kg7 (34... Kf8 $142 35. Nxc8 Bxa3 36. Rf3+ Kg7 37. Bc3+ Qxc3 $1 {[%mdl 512]} 38. Rxc3 Bb2) 35. Bc3+ Qxc3 $1 36. Qxc3+ Bxc3 37. Rxc3 Bb7 (37... Kf7 $19 38. Nxc8 Rxc8) 38. e5 $17 Bxg2 39. exd6 $2 {[%mdl 8192]} (39. Kxg2 $15 Ne4 40. Re3 Rb2+ 41. Kg1 Rb1+ 42. Kg2 Rb2+ 43. Kg1 Rb1+ 44. Kg2) 39... Ne4 $1 $19 {[%csl LRc3,LRd6]} 40. Rc7 Rb2 41. Kg1 Bf3 42. Nd5+ Kh6 {( -> ...Rb1+)} 43. Rc1 Rg2+ {Black mates.} 44. Kf1 Nxg3+ 45. Ke1 Re2+ 46. Kd1 Re5+ {Precision: White = 40%, Black = 48%.} (46... Rh2+ $142 47. Ke1 Ne4 48. Ne3 Re2+ 49. Kf1 Rxe3 50. Re1 {[#]} Bg2+ $1 {[%mdl 512]} 51. Kxg2 Rxe1 52. d7 Rd1 53. Kf3 Nc5 54. Ke3 Rxd7 55. h4 a5 56. Kf3 a4 57. Kg3 a3 58. Kf3 a2 59. h5 Kxh5 60. Kg2 a1=Q 61. Kg3 Qc3+ 62. Kh2 Rd2+ 63. Kh1 Qc1#) 0-1

[Event "IV Open RGCC 2018"]
[Site "Gijon"]
[Date "2018.07.29"]
[Round "9"]
[White "Ardelean, George-Catalin"]
[Black "Lopez Rivera, Jesus"]
[Result "1-0"]
[WhiteElo "2475"]
[BlackElo "2330"]
[Annotator "TA"]
[PlyCount "273"]
[EventDate "2018.07.24"]
[EventType "swiss"]
[EventCountry "ESP"]
[SourceTitle "playchess.com"]
[Source "ChessBase"]
[SourceQuality "1"]

{[%evp 22,273,46,55,69,49,64,50,100,77,70,72,111,67,98,72,87,88,95,91,91,89,95,93,96,69,89,68,62,40,150,100,111,125,107,103,89,66,74,66,70,8,10,29,27,26,29,22,63,56,57,62,100,77,107,107,107,107,107,107,137,141,137,138,151,122,122,122,122,122,122,122,122,122,122,122,122,122,122,122,122,122,122,122,122,122,122,122,122,122,122,122,122,0,122,122,122,122,122,122,122,0,122,0,118,118,122,122,122,122,122,122,236,245,245,245,245,225,221,31,31,0,0,0,16,0,0,0,0,0,0,0,0,0,0,0,0,0,0,0,0,0,0,0,0,0,0,0,79,0,0,0,0,0,0,0,2,2,2,2,2,0,0,0,2,0,8,0,0,0,0,-23,8,0,0,0,0,0,0,0,0,0,0,0,0,0,0,0,0,0,0,0,0,0,0,0,0,0,0,0,4,8,47,51,53,0,0,0,245,245,245,237,245,245,238,237,202,0,214,207,350,347,345,343,350,350,350,350,350,320,427,430,353,315,452,373,1270,1266,1415,1392,1502,1502,4627,2508,29965,12851,29985,29986,29986,29979,29978,29976,29989,29990]} 1. d4 Nf6 2. Nf3 g6 3. Bg5 Bg7 4. Nbd2 d6 5. e4 h6 6. Bh4 g5 7. Bg3 Nh5 8. c3 e6 9. Nc4 {A48: 1 d4 Nf6 2 Nf3 g6: Torre, London and Colle Systems} Nd7 (9... f5 10. Nfd2 Nxg3 11. hxg3 O-O 12. Ne3 d5 13. exf5 exf5 14. Nxd5 Re8+ 15. Ne3 f4 16. Bc4+ Be6 17. Bxe6+ Rxe6 {½-½ (44) Naiditsch,A (2701)-Vachier Lagrave,M (2789) Karlsruhe/Baden-Baden 2018}) 10. Nfd2 Nxg3 11. hxg3 Qe7 12. Ne3 {LiveBook: 5 Games} Nf8 13. Be2 $146 ({Predecessor:} 13. f4 Ng6 14. Qf3 f5 15. exf5 exf5 16. O-O-O g4 17. Qf2 {1-0 (27) Kalashnikov,E-Zlatin,D (2320) Russia 1996}) 13... Bd7 14. Qb3 b6 15. O-O-O O-O-O 16. a4 {[%cal Ba2a4,Ba4a5][%mdl 32]} Bc6 17. Kc2 d5 18. Bb5 Bb7 19. exd5 exd5 20. a5 $36 {[%mdl 2048] Keeping Black busy.} a6 21. Bd3 b5 22. Nf5 Qf6 23. Qa3 Re8 24. Nf3 Ng6 25. Rde1 Bc6 (25... Rxe1 $14 26. Rxe1 Bf8) 26. Qa1 Bd7 27. Nxg7 Qxg7 28. Rxe8+ Rxe8 29. Re1 Rxe1 30. Qxe1 Qf6 31. Bxg6 (31. Nd2 $14) 31... Qxg6+ $11 32. Kc1 f6 33. Nd2 b4 34. cxb4 Qf5 35. Qe3 Ba4 {[%csl Ga4][%cal Rf5c2]} 36. b3 Bb5 37. Nb1 Qd3 38. Qxd3 Bxd3 $16 {[%mdl 4096] Endgame KB-KN} 39. Nc3 c6 40. Nd1 Bf5 41. Ne3 Bd7 42. Kd2 Be6 43. Nd1 Kd7 44. Nb2 Kd6 45. Nd3 Bf5 46. Nc5 Bc8 47. Ke3 h5 48. f3 Ke7 49. Kd2 Kd6 50. Na4 Ke7 51. Nb2 Bf5 52. Nd1 Be6 53. Ne3 Kd6 54. Ke2 Bc8 55. Kf2 Bd7 56. Ke1 Bc8 57. Kd2 ({Better is} 57. Ke2 $16) 57... Bd7 (57... Be6 $11) 58. Nd1 Bc8 59. Nc3 Bd7 60. Na4 Be6 61. Nc5 Bc8 62. Ke3 Ke7 $1 63. f4 g4 64. f5 Kd6 65. Nd3 Bxf5 {[#]} 66. Nf4 $1 Bc8 (66... Bc2 $16 {was worth a try.}) 67. Nxh5 $18 Ke6 68. Nf4+ Kf5 69. b5 cxb5 {and the idea ...Bb7 leaves Black hopeful.} 70. Nxd5 $2 ({White should play} 70. Nd3 $18) 70... Ke6 $1 $14 {[%cal Re6d5]} 71. Nb4 Bb7 72. Kf4 f5 73. Kg5 Bc8 74. Nc6 Kd6 75. Nb4 Ke6 76. Kf4 Bb7 77. Ke3 Kd6 78. Nd3 Kd5 79. Nc5 Bc8 80. Kd3 Kd6 81. Kd2 Kd5 82. Ke3 Kd6 83. Nd3 Kd5 84. Nb4+ Ke6 {[#]} (84... Kd6 $11 {remains equal.}) 85. Kf4 ({White should try} 85. d5+ $1 $16 Kd6 86. Kd4) 85... Kd6 86. Kg5 Ke6 87. Nc6 Kd6 88. Nb4 Ke6 89. Kg6 Bb7 90. Kh5 Kf6 91. Kh4 Ke6 92. Kg5 Bc8 93. Kf4 Kd6 94. d5 Kc5 95. Nc6 Kd6 96. Kg5 Bd7 (96... Bb7 $5 {[%cal Rd6d5]}) 97. Kf4 Bc8 (97... Kxd5 $5 98. Nb4+ $8 Kd4 $14) 98. Ke3 Bb7 99. Kd4 Bxc6 100. dxc6 Kxc6 $11 {KP-KP} 101. Ke5 Kc5 102. Kxf5 Kb4 103. Kxg4 Kxb3 {K3P-KPP} 104. Kf4 b4 (104... Ka4 $5 105. g4 $8 b4 $11) 105. g4 Kc3 {Threatens to win with ...b3.} (105... Ka4 $5 106. g5 $8 b3 $11) 106. g5 {And now g6 would win.} b3 107. g6 b2 108. g7 b1=Q 109. g8=Q {KQ-KQ} Qb4+ 110. Kf3 Qb7+ 111. Kf2 {White wants to play Qe6.} Qb2+ 112. Kg3 Qb5 113. Qd8 (113. Qe6 $14) 113... Qe5+ 114. Kh3 Qf5+ $2 (114... Qe3+ $11 {and Black stays safe.} 115. g3 Qe6+ 116. Kh4 Qh6+ 117. Kg4 Qe6+ 118. Kh5 Qf7+ 119. Kh6 Qe6+ 120. Kh5 Qf7+ 121. Kg5 Qg7+ 122. Kh4 Qh7+ 123. Kg4 Qe4+ 124. Kh5 Qh7+ 125. Kg5 Qg7+ 126. Kf4 Qf7+ 127. Kg4 Qe6+ 128. Kh5) 115. g4 $18 Qf1+ 116. Kh4 Qf2+ 117. Kh5 Qf7+ 118. Kh6 Qe6+ 119. Kh5 Qf7+ $1 120. Kg5 {Hoping for Qf6+.} Qg7+ (120... Kb4 $142 121. Qd2+ Kb5 122. Qd3+ Kb4 123. Qe4+ Ka3 124. Qe3+ Ka2 125. Qe2+ Ka3 126. Qxa6 Qd5+ 127. Kh6 Qh1+ 128. Kg7 Qd5) 121. Kf4 Qf7+ 122. Kg3 Qe6 123. Qc7+ Kd3 124. Qf4 {Black must now prevent Qf5+.} Qe1+ 125. Kh2 {Strongly threatening Qg3+.} Qh4+ 126. Kg2 Qe7 127. Qf5+ Kd4 (127... Kc4 $142 128. g5 Qe2+ 129. Kh3 Qe3+ 130. Kh4 Qe1+ 131. Kh5 Qe8+ 132. g6 Kb4) 128. g5 {[%cal Bg4g5,Bg5g6,Bg6g7][%mdl 32] aiming for Qf6+.} Qb7+ $2 (128... Kc4 129. g6 Kb4 130. Qg4+ Kxa5) 129. Kg3 Qb3+ 130. Kh4 Qg8 131. g6 Qh8+ 132. Kg5 {Threatening mate with Qf6+.} Kc4 133. Qf7+ Kb5 134. g7 {White mates.} Qd8+ 135. Qf6 Qd2+ 136. Kg6 Qg2+ 137. Qg5+ {Precision: White = 64%, Black = 62%.} 1-0

[Event "IV Open RGCC 2018"]
[Site "Gijon"]
[Date "2018.07.29"]
[Round "9"]
[White "Nagy, Gabor"]
[Black "Kaganskiy, Gleb"]
[Result "0-1"]
[WhiteElo "2474"]
[BlackElo "2278"]
[Annotator "TA"]
[PlyCount "72"]
[EventDate "2018.07.24"]
[EventType "swiss"]
[EventCountry "ESP"]
[SourceTitle "playchess.com"]
[Source "ChessBase"]
[SourceQuality "1"]

{[%evp 18,72,50,43,63,44,56,45,68,70,72,68,91,9,54,51,50,0,4,-1,7,-6,0,-52,0,0,0,0,0,0,0,-108,-72,-127,-123,-262,-106,-254,-264,-374,-347,-433,-424,-600,-457,-1025,-1047,-1020,-993,-1017,-1023,-1181,-1122,-1057,-979,-924,-729]} 1. e4 c6 2. d4 d5 3. Nd2 dxe4 4. Nxe4 Nd7 5. Bc4 e6 6. Nf3 Ngf6 7. Nxf6+ Nxf6 8. O-O Be7 9. Qe2 O-O 10. Bf4 {LiveBook: 6 Games} Nh5 $146 {B17: Caro-Kann: Modern Line (4...Nd7)} ({Predecessor:} 10... b6 11. Rfe1 Nd5 12. Be5 Bb7 13. Rad1 Bd6 14. Bd3 Bxe5 15. dxe5 Qe7 16. Qe4 g6 17. a3 c5 18. Qg4 {½-½ (37) Guseinov,G (2659)-Arun Prasad,S (2552) Dubai 2009}) 11. Be3 Qc7 12. Rad1 Nf4 {White is slightly better.} 13. Bxf4 Qxf4 14. Ne5 Bd6 15. Rd3 (15. Rfe1 $16) 15... g6 (15... b5 {looks sharper.} 16. Bb3 c5 17. Rf3 Qg5 18. Rh3 Bb7) 16. Bb3 a5 {[#] Strongly threatening ...a4.} 17. c4 (17. c3 {is interesting.} b6 18. Bc4 b5 19. Rf3 Qg5 20. Rg3) 17... c5 $40 {[%mdl 128] Black mounts an attack.} 18. g3 Qf6 19. Ng4 Qg7 20. Rfd1 ({Better is} 20. dxc5 $11 Bxc5 21. Qe5) 20... h5 (20... f5 $15 21. Ne3 f4 22. gxf4 Bxf4 23. dxc5 a4) 21. dxc5 $11 Bc7 22. Ne3 a4 23. Bc2 Qxb2 24. Rd4 (24. Rb1 $11 Qf6 25. Qd1) 24... Qb4 25. Rh4 ({White should try} 25. R4d2) 25... Qxc5 $17 26. Nd5 (26. Rhd4 $17) 26... Bd8 (26... exd5 $19 27. Rxd5 Qa3 28. Qxh5 Qc1+ 29. Rd1 gxh5 30. Rxc1 Ra5) 27. Rxh5 (27. Qd2 $17 {was the only chance.}) 27... exd5 $19 {[#]} ({Worse is} 27... gxh5 28. Qxh5 f5 29. Qg6+ Kh8 30. Qh6+ Kg8 31. Qg6+ Kh8 32. Qh6+ Kg8 33. Qg6+ $11) 28. Rdxd5 (28. Qe5 $142 $1 {[%mdl 512]} f6 29. Qxd5+ Qxd5 30. Rhxd5) 28... Qe7 ({Less strong is} 28... Qa3 29. Qd2 $19) 29. Rde5 Qf6 {Black is clearly winning.} ({Not} 29... Qa3 30. Qd2 $11) 30. Rh6 (30. Rh4 $142) 30... Ra6 31. Reh5 (31. Rh4 $142) 31... Qa1+ 32. Kg2 gxh5 33. Rxh5 f5 34. c5 Qd4 35. Bd3 Re6 36. Bc4 Qe4+ {Precision: White = 20%, Black = 42%.} 0-1

[Event "IV Open RGCC 2018"]
[Site "Gijon"]
[Date "2018.07.29"]
[Round "9"]
[White "Jimenez Almeida, Luis David"]
[Black "Cori Quispe, Kevin Joel"]
[Result "0-1"]
[WhiteElo "2223"]
[BlackElo "2487"]
[Annotator "ChessBase"]
[PlyCount "56"]
[EventDate "2018.07.24"]
[EventType "swiss"]
[EventCountry "ESP"]
[SourceTitle "playchess.com"]
[Source "ChessBase"]
[SourceQuality "1"]
[TimeControl "5400+30"]

1. d4 {[%emt 0:00:00]} Nf6 {[%emt 0:00:10]} 2. Nf3 {[%emt 0:00:00]} e6 {[%emt 0:00:07]} 3. Bg5 {[%emt 0:00:00]} h6 {[%emt 0:00:06]} 4. Bxf6 {[%emt 0:00:00]} Qxf6 {[%emt 0:00:06]} 5. e4 {[%emt 0:00:00]} d6 {[%emt 0:00:09]} 6. Nc3 {[%emt 0:00:10]} c6 {[%emt 0:00:37]} 7. a4 {[%emt 0:03:01]} e5 {[%emt 0:00:20]} 8. d5 {[%emt 0:01:04]} Be7 {[%emt 0:05:41]} 9. Be2 {[%emt 0:01:30]} Qg6 {[%emt 0:00:31]} 10. O-O {[%emt 0:03:15]} O-O {[%emt 0:00:09]} 11. a5 {[%emt 0:02:01]} Nd7 {[%emt 0:05:01]} 12. a6 {[%emt 0:03:34]} Nc5 {[%emt 0:00:30]} 13. Nd2 {[%emt 0:02:14]} cxd5 {[%emt 0:01:14]} 14. Nxd5 {[%emt 0:02:21]} Bd8 {[%emt 0:00:06]} 15. axb7 {[%emt 0:04:57]} Bxb7 {[%emt 0:00:38]} 16. Bf3 {[%emt 0:00:36]} Bxd5 {[%emt 0:04:55]} 17. exd5 {[%emt 0:00:15]} f5 {[%emt 0:00:10]} 18. b4 {[%emt 0:01:05]} Nd7 {[%emt 0:00:05]} 19. Nc4 {[%emt 0:04:27]} Rc8 {[%emt 0:05:15]} 20. Be2 {[%emt 0:01:42]} Bb6 {[%emt 0:00:13]} 21. Nxb6 {[%emt 0:01:56]} axb6 {[%emt 0:00:06]} 22. Bb5 {[%emt 0:06:53]} Nf6 {[%emt 0:01:49]} 23. Bc6 {[%emt 0:01:26]} e4 {[%emt 0:01:10]} 24. Qd4 {[%emt 0:03:45]} Ng4 {[%emt 0:01:51]} 25. f3 {[%emt 0:17:08]} exf3 {[%emt 0:04:05]} 26. Rxf3 {[%emt 0:00:23]} Ne5 {[%emt 0:00:06]} 27. Rf4 {[%emt 0:00:51]} Qf6 {[%emt 0:01:27]} 28. b5 {[%emt 0:00:44]} g5 {[%emt 0:00:17]} 0-1

[Event "IV Open RGCC 2018"]
[Site "Gijon"]
[Date "2018.07.29"]
[Round "9"]
[White "Marino Bravo, Miguel Angel"]
[Black "Campora, Daniel H"]
[Result "1/2-1/2"]
[WhiteElo "2194"]
[BlackElo "2405"]
[Annotator "NA"]
[PlyCount "91"]
[EventDate "2018.07.24"]
[EventType "swiss"]
[EventCountry "ESP"]
[SourceTitle "playchess.com"]
[Source "ChessBase"]
[SourceQuality "1"]
[TimeControl "5400+30"]

1. d4 Nf6 2. Bf4 d6 3. e3 Nbd7 4. Nf3 Nh5 5. Bg5 h6 6. Bh4 g5 7. Nfd2 Ndf6 8. Bg3 Bg7 9. Be2 Nxg3 10. hxg3 c5 11. c3 Bd7 12. Na3 a6 13. Bf3 Qc7 14. Ne4 Nxe4 15. Bxe4 O-O-O 16. Qb3 Be6 17. Bd5 Bxd5 18. Qxd5 e6 19. Qf3 d5 20. Nc2 f5 21. O-O-O Rhf8 22. Qe2 Kb8 23. f4 g4 24. Ne1 c4 25. Qc2 Rc8 26. Kd2 Rh8 27. b4 Bf6 28. Qa4 Qd6 29. b5 axb5 30. Qxb5 Qa6 31. Qxa6 bxa6 32. Rb1+ Kc7 33. Nc2 Be7 34. Rb2 h5 35. Rhb1 Rb8 36. Rxb8 Rxb8 37. Rxb8 Kxb8 38. Kc1 Kb7 39. Kb2 Kb6 40. Kb1 Kc7 41. Kc1 Kd7 42. Kd2 Ke8 43. Nb4 Bxb4 44. cxb4 a5 45. b5 Kd7 46. a4 1/2-1/2